ARMSTRONG'S HAND BOOK OF STRATEGIC HUMAN RESOURCE MANAGEMENT (Record no. 7875)

MARC details
000 -LEADER
fixed length control field 00560nam a22002057a 4500
003 - CONTROL NUMBER IDENTIFIER
control field OSt
005 - DATE AND TIME OF LATEST TRANSACTION
control field 20220406113216.0
008 - FIXED-LENGTH DATA ELEMENTS--GENERAL INFORMATION
fixed length control field 220406b ||||| |||| 00| 0 eng d
020 ## - INTERNATIONAL STANDARD BOOK NUMBER
International Standard Book Number 9780749463946
040 ## - CATALOGING SOURCE
Transcribing agency DDC
082 ## - DEWEY DECIMAL CLASSIFICATION NUMBER
Classification number 658.3 MIC 2011
100 ## - MAIN ENTRY--PERSONAL NAME
Personal name MICHEAL ARMSTRONG
9 (RLIN) 16007
245 ## - TITLE STATEMENT
Title ARMSTRONG'S HAND BOOK OF STRATEGIC HUMAN RESOURCE MANAGEMENT
250 ## - EDITION STATEMENT
Edition statement 5TH ED
260 ## - PUBLICATION, DISTRIBUTION, ETC. (IMPRINT)
Place of publication, distribution, etc. BRITAIN
Name of publisher, distributor, etc. MICHEAL ARMSTRONG
Date of publication, distribution, etc. 2011
300 ## - PHYSICAL DESCRIPTION
Extent X,313P.
Other physical details ILL;
Dimensions 32.2CM
504 ## - BIBLIOGRAPHY, ETC. NOTE
Bibliography, etc INCLUDES INDEX
650 ## - SUBJECT ADDED ENTRY--TOPICAL TERM
Topical term or geographic name as entry element PERSONAL MANAGEMENT
9 (RLIN) 16008
942 ## - ADDED ENTRY ELEMENTS (KOHA)
Source of classification or shelving scheme Dewey Decimal Classification
Koha item type Book
Holdings
Withdrawn status Lost status Source of classification or shelving scheme Damaged status Not for loan Home library Current library Date acquired Source of acquisition Inventory number Total Checkouts Full call number Barcode Date last seen Price effective from Koha item type
    Dewey Decimal Classification     Faculty of Management Science Library Faculty of Management Science Library 06/04/2022 Purchase 15/4825   658.3 MIC 2011 2022-0643 06/04/2022 06/04/2022 Book
    Dewey Decimal Classification     Faculty of Management Science Library Faculty of Management Science Library 07/12/2022 Purchase 15/4826   658.3 MIC 2011 2022-8069 07/12/2022 07/12/2022 Book
    Dewey Decimal Classification     Faculty of Management Science Library Faculty of Management Science Library 07/12/2022 Purchase     658.3 MIC 2011 2022-8070 07/12/2022 07/12/2022 Book
    Dewey Decimal Classification     Faculty of Management Science Library Faculty of Management Science Library 07/12/2022 Purchase 15/4827   658.3 MIC 2011 2022-8071 07/12/2022 07/12/2022 Book